000 00245nam a2200085Ia 4500
245 0 _aLeadership through people skills
100 _a LEFTON, Robert Eugene New York, 2004
_9104797
942 _cBK
008 210818s9999 xx 000 0 und d
999 _c477018
_d477017